LEADER 01000nam a2200229 i 4500 001 000000007314 003 CaOOAMICUS 005 20181025162350.0 008 180830n it u000 u ita u 040 $aSeMil$bita 100 0 $aIoannes Paulus II,$c.$0(OLS)http://semarc/name/646 245 10$aCredo nello Spirito santo /$c[Joannes Paulus 2.]. 260 $aLeumann (Torino) :$bElle Di Ci 774 0 $aIoannes Paulus II $tNel mistero di Cristo e della Chiesa.$z8801110766$g1$w()105574 774 0 $aIoannes Paulus II $tPersona e l'azione nella Chiesa e nel cristiano.$z8801115571$g2$w()105576 900 1 $aWojtyla, Karol,$d<1920-2005>. 900 0 $aGiovanni Paolo II$c. 996 $6245$aCredo nello Spirito santo$9(OLS)http://semarc/title/45203 996 $6260$aLeumann (Torino) :$bElle Di Ci$9(OLS)http://semarc/publisher/29809 LEADER 01177nam a2200265 i 4500 001 000000070029 003 CaOOAMICUS 005 20140822000000.0 008 140822s1988 xx u000 u ger u 013 $a41201 020 $a3-451-20690-0 040 $aSeMil$bita 245 14$aDie urchristlichen Verkündiger. 250 $aVöllige Neubearbeitung. 300 $a285 p. 490 0 $aHerders theologischer Kommentar zum Neuen Testament. Supplementband ;$v2. 650 4$aBibbia - Morale - NT.$0(OLS)http://semarc/subject/2648 700 1 $aSchnackenburg, Rudolf,$d<1914-2002>.$0(OLS)http://semarc/name/37 773 0 $aSchnackenburg, Rudolf <1914-2002>$tSittliche Botschaft des Neuen Testaments.$dFreiburg ; Basel ; Wien : Herder, 1986-1988.$gBand2$w()739 830 0$aHerders theologischer Kommentar zum Neuen Testament. Supplementband ;$v2.$0(OLS)http://semarc/title/592 850 $aSeMil 852 $aSeMil$W1$xVenegono$y1$m2WA R 15/2$j269514$B36182$CSeMilBibl$Z2$F36185 $81 961 $aAcquisto: Casa editrice 996 $6020$a3-451-20690-0$9(OLS)http://semarc/number/48716 996 $6245$aDie urchristlichen Verkündiger$9(OLS)http://semarc/title/112311